COUPES CONSTRU - Statistiques

Statistiques générales
  • Ce quiz a été pris 56 fois
  • Le résultat moyen est 4 sur 5
Statistiques - réponses
Hint Réponse % Correct
21 Béton de propreté
100%
9 Bloc linteau spécial
100%
34 Blocs pleins de préférence (en infrastructure ou acrotère)
100%
23 Carrelage
100%
5 Chaînage supérieur
100%
16 Étanchéité contre les remontées capillaires
100%
28 Ébrasement en plaque de plâtre
100%
25 Enduit plâtre projeté
100%
18 Feutre géotextile
100%
27 Isolant
100%
6 joint de mortier traditionnel en ciment + Sable + eau
100%
37 Les de polyéthylène poses sur remblais compactés
100%
8 linteau en béton armé
100%
17 Peinture bitumineuse
100%
3 planche de rive en bois
100%
26 plaque de plâtre de 10mm
100%
36 Remblai compacté
100%
31 Revêtement de sol souple
100%
10 Traverse basse du dormant de la fenêtre
100%
14 Chaînage horizontal dans l’épaisseur du plancher
67%
29 Tablette et couvre-joints en bois
50%
38 Dallage sur terre plein de 120mm à 150mm
33%
12 Appui de fenêtre en béton
0%
13 Blocs de béton ou de terre cuite destinés à être enduits
0%
32 Chape de béton dite chape flottante
0%
11 Cornière en acier galvanisé
0%
20 Drain (tube perforé)
0%
7a Enduit d’imperméabilisation (armé)
0%
7b enduit non armé
0%
1 fermette en bois
0%
2 gouttière pendante
0%
19 Gravier
0%
30 isolant de 50mm entre chape et mur
0%
33 Isolant thermique
0%
22 Plafond (BA 13)
0%
24 Plancher en poutrelles et entrevous
0%
35 Planchers à entrevous
0%
15 Planelle
0%
39 Semelle filante en béton avec armature de chaînage
0%
4 soffite en planche
0%
Aucun quiz correspondant
Distribution des résultats
% des personnes avec chaque résultat
Percentile par nombre de réponses
Votre historique - résultats
Vous n’avez pas pris ce quiz